[Event "YUG-ch35"]
[Site "Skender Vakuf"]
[Date "1980.02.??"]
[Round "5"]
[White "Govedarica, Radovan"]
[Black "Velimirovic, Dragoljub"]
[Result "0-1"]
[WhiteElo "2420"]
[BlackElo "2515"]
[PlyCount "72"]
[EventDate "1980.02.19"]
[EventType "swiss"]
[EventRounds "15"]
[EventCountry "YUG"]
[Source "ChessBase"]
[SourceDate "2003.11.25"]
[WhiteTeamCountry "URS"]
[BlackTeamCountry "YUG"]

1. d4 Nf6 2. Nf3 c5 3. c3 e6 4. e3 a6 5. Bd3 b5 6. Nbd2 Bb7 7. O-O Nc6 8. a4 b4
9. c4 cxd4 10. exd4 d5 11. c5 Be7 12. Nb3 Ne4 13. Bf4 g5 14. Be3 f6 15. Ne1 f5
16. f3 Nf6 17. Bxg5 Rg8 18. Bd2 Nh5 19. Qe2 Kf7 20. f4 Nf6 21. a5 Ne4 22. Nc2
Rg6 23. Bxb4 Bf6 24. Bc3 Qh8 25. Ra4 Rag8 26. Bxe4 dxe4 27. Ne3 Qg7 28. Kh1 Ne7
29. Na1 Bc6 30. Rc4 Bb5 31. Rf2 Nd5 32. Nac2 Bh4 33. g3 Bxg3 34. hxg3 Rxg3 35.
Rg2 Qh6+ 36. Kg1 Nxf4 0-1

[Event "YUG-ch35"]
[Site "Skender Vakuf"]
[Date "1980.02.??"]
[Round "6"]
[White "Velimirovic, Dragoljub"]
[Black "Nicevski, Risto"]
[Result "0-1"]
[WhiteElo "2515"]
[BlackElo "2410"]
[PlyCount "80"]
[EventDate "1980.02.19"]
[EventType "swiss"]
[EventRounds "15"]
[EventCountry "YUG"]
[Source "ChessBase"]
[SourceDate "2003.11.25"]
[WhiteTeamCountry "URS"]
[BlackTeamCountry "YUG"]

1. e4 d6 2. d4 Nf6 3. Nc3 g6 4. f4 Bg7 5. e5 dxe5 6. dxe5 Qxd1+ 7. Kxd1 Ng4 8.
Ke1 f6 9. Nd5 Kd8 10. h3 Nh6 11. exf6 exf6 12. g4 f5 13. g5 Nf7 14. Be3 Nd7 15.
Rd1 Re8 16. Kf2 Nd6 17. Bg2 Bxb2 18. c3 c6 19. Nf6 Nxf6 20. gxf6 Kc7 21. Bd4
Be6 22. Be5 Rad8 23. Nf3 Ba3 24. Rd2 Kc8 25. Ng5 h6 26. Nxe6 Rxe6 27. Rhd1 Nf7
28. Rxd8+ Nxd8 29. Bf1 b5 30. c4 Bc5+ 31. Kg2 b4 32. Rd3 Nf7 33. h4 Bd6 34.
Rxd6 Nxd6 35. c5 Nf7 36. Bc4 Kd7 37. Bb2 Re4 38. Bb3 Re2+ 39. Kf3 Rxb2 40. Bxf7
Rc2 0-1

[Event "YUG-ch35"]
[Site "Skender Vakuf"]
[Date "1980.02.??"]
[Round "8"]
[White "Knezevic, Milorad J"]
[Black "Velimirovic, Dragoljub"]
[Result "1/2-1/2"]
[WhiteElo "2490"]
[BlackElo "2515"]
[PlyCount "29"]
[EventDate "1980.02.19"]
[EventType "swiss"]
[EventRounds "15"]
[EventCountry "YUG"]
[Source "ChessBase"]
[SourceDate "2003.11.25"]
[WhiteTeamCountry "URS"]
[BlackTeamCountry "YUG"]

1. d4 Nf6 2. Nf3 e6 3. c4 c5 4. g3 cxd4 5. Nxd4 Bb4+ 6. Bd2 Bxd2+ 7. Qxd2 Ne4
8. Qc2 Qa5+ 9. Nd2 Nxd2 10. Qxd2 Qxd2+ 11. Kxd2 Nc6 12. Nb5 Ke7 13. Bg2 d6 14.
Rhd1 Rd8 15. Ke1 1/2-1/2

[Event "YUG-ch35"]
[Site "Skender Vakuf"]
[Date "1980.03.??"]
[Round "9"]
[White "Klaric, Zlatko"]
[Black "Velimirovic, Dragoljub"]
[Result "1-0"]
[WhiteElo "2430"]
[BlackElo "2515"]
[PlyCount "69"]
[EventDate "1980.02.19"]
[EventType "swiss"]
[EventRounds "15"]
[EventCountry "YUG"]
[Source "ChessBase"]
[SourceDate "2003.11.25"]
[WhiteTeamCountry "URS"]
[BlackTeamCountry "YUG"]

1. d4 c5 2. c3 e6 3. Nf3 Nf6 4. e3 a6 5. Bd3 b5 6. e4 cxd4 7. cxd4 Bb7 8. Qe2
Nc6 9. a3 Qb6 10. Be3 d5 11. e5 Ng4 12. O-O Nxe3 13. fxe3 Be7 14. Qf2 f5 15.
exf6 gxf6 16. Nbd2 f5 17. Rac1 Na5 18. Qg3 Bf6 19. b3 Rc8 20. Rxc8+ Bxc8 21. a4
Bd7 22. axb5 axb5 23. Ne5 Nc6 24. Nxd7 Kxd7 25. Rc1 Rc8 26. Kf1 Qb8 27. Qh3 f4
28. Rc5 Ne7 29. Bxb5+ Kd6 30. Qh6 Be5 31. b4 Rxc5 32. bxc5+ Kc7 33. Bd3 fxe3
34. Qxe3 Bg7 35. Qg3+ 1-0

[Event "YUG-ch35"]
[Site "Skender Vakuf"]
[Date "1980.03.??"]
[Round "10"]
[White "Velimirovic, Dragoljub"]
[Black "Bukal, Vladimir Sr"]
[Result "1-0"]
[WhiteElo "2515"]
[BlackElo "2415"]
[PlyCount "75"]
[EventDate "1980.02.19"]
[EventType "swiss"]
[EventRounds "15"]
[EventCountry "YUG"]
[Source "ChessBase"]
[SourceDate "2003.11.25"]
[WhiteTeamCountry "URS"]
[BlackTeamCountry "YUG"]

1. e4 e6 2. d4 d5 3. Nd2 Nf6 4. e5 Nfd7 5. c3 c5 6. Bd3 Nc6 7. Ne2 a5 8. O-O a4
9. f4 cxd4 10. Nxd4 Nxd4 11. cxd4 Qb6 12. Nf3 Nb8 13. a3 Nc6 14. Kh1 Be7 15.
Bc2 Bd7 16. Rb1 Qb5 17. Bd2 Na5 18. f5 exf5 19. Bg5 Nc6 20. b3 axb3 21. Rxb3
Qa6 22. Bd3 Qa7 23. Qb1 Rb8 24. Bxf5 Bxf5 25. Qxf5 Qa6 26. Rfb1 Qe2 27. Re1 Qc4
28. Rbe3 g6 29. Qf4 O-O 30. Bxe7 Nxe7 31. g4 Qc8 32. h3 Nc6 33. Qh6 f6 34. exf6
Rxf6 35. Ng5 Qd7 36. Nxh7 Qxh7 37. Re8+ Rf8 38. Qxf8# 1-0

[Event "YUG-ch35"]
[Site "Skender Vakuf"]
[Date "1980.03.??"]
[Round "11"]
[White "Nemet, Ivan"]
[Black "Velimirovic, Dragoljub"]
[Result "1-0"]
[WhiteElo "2460"]
[BlackElo "2515"]
[PlyCount "125"]
[EventDate "1980.02.19"]
[EventType "swiss"]
[EventRounds "15"]
[EventCountry "YUG"]
[Source "ChessBase"]
[SourceDate "2003.11.25"]
[WhiteTeamCountry "URS"]
[BlackTeamCountry "YUG"]

1. d4 c5 2. d5 d6 3. c4 Nf6 4. Nc3 g6 5. e4 Bg7 6. Nf3 O-O 7. Be2 e5 8. Bg5 h6
9. Bh4 Qd7 10. Nd2 Ne8 11. g4 Bf6 12. Bxf6 Nxf6 13. h3 Qe7 14. h4 Kg7 15. Nf1
b5 16. cxb5 a6 17. bxa6 Bxa6 18. Ne3 Nbd7 19. f3 Rfb8 20. Qd2 Nh7 21. g5 hxg5
22. O-O-O Bxe2 23. Qxe2 gxh4 24. Rdg1 Kh8 25. Rg4 g5 26. Nf5 Qf6 27. Qg2 c4 28.
Rh2 Rb7 29. Kb1 Rab8 30. Qh1 Ndf8 31. Qf1 Rc8 32. a4 Rb4 33. Qg1 Ng6 34. Qa7
Nf4 35. Nb5 c3 36. Nxc3 Nd3 37. Qa6 Rbc4 38. Qxd6 Qg6 39. Qxg6 fxg6 40. Nd6
Rxc3 41. bxc3 Rxc3 42. Nf7+ Kg7 43. Nxg5 Nxg5 44. Rxg5 Ne1 45. Kb2 Rxf3 46.
Rxh4 Rf2+ 47. Kb3 Nf3 48. Rhg4 Nxg5 49. Rxg5 Kf6 50. Rg1 Re2 51. Rg4 g5 52. a5
Re1 53. Kb4 Ke7 54. a6 Kd6 55. a7 Rb1+ 56. Kc4 Rc1+ 57. Kb5 Rb1+ 58. Ka6 Ra1+
59. Kb7 Rb1+ 60. Kc8 Ra1 61. Rxg5 Rxa7 62. Rg6+ Kc5 63. d6 1-0

[Event "YUG-ch35"]
[Site "Skender Vakuf"]
[Date "1980.03.04"]
[Round "12"]
[White "Velimirovic, Dragoljub"]
[Black "Brajovic, Radovan"]
[Result "1-0"]
[WhiteElo "2515"]
[BlackElo "2205"]
[PlyCount "103"]
[EventDate "1980.02.19"]
[EventType "swiss"]
[EventRounds "15"]
[EventCountry "YUG"]
[Source "ChessBase"]
[SourceDate "2003.11.25"]
[WhiteTeamCountry "URS"]
[BlackTeamCountry "YUG"]

1. e4 c5 2. Nf3 Nc6 3. d4 cxd4 4. Nxd4 e6 5. Nc3 Qc7 6. Be2 a6 7. f4 b5 8. Nxc6
Qxc6 9. Bf3 Bb7 10. Qd3 Rc8 11. Be3 Bb4 12. Bd4 Nf6 13. O-O-O Bxc3 14. Bxc3 Qc4
15. Rhe1 Qxd3 16. Rxd3 Rc4 17. b3 Rc8 18. g4 h6 19. Kb2 Bc6 20. h4 Kf8 21. h5
Kg8 22. Be5 d5 23. exd5 Nxd5 24. f5 Nb4 25. Rc3 Kh7 26. fxe6 fxe6 27. a3 Bxf3
28. Rxf3 Nc6 29. Bc3 Rhe8 30. Rfe3 Nd8 31. Rd1 Nc6 32. Rd7 e5 33. Rf3 Rf8 34.
Rfd3 Rf2 35. Rd2 Rxd2 36. Bxd2 Rd8 37. Rxd8 Nxd8 38. Kc3 Nc6 39. Kd3 Kg8 40. c4
Kf7 41. cxb5 axb5 42. a4 Nd4 43. Be3 Nxb3 44. axb5 Na5 45. Ke4 Ke6 46. Bc5 Nc4
47. b6 Nd2+ 48. Kd3 Nb3 49. Bf8 Na5 50. Bxg7 Kd5 51. Bxh6 e4+ 52. Kc3 1-0

[Event "YUG-ch35"]
[Site "Skender Vakuf"]
[Date "1980.03.05"]
[Round "13"]
[White "Velimirovic, Dragoljub"]
[Black "Nikolic, Zivoslav"]
[Result "0-1"]
[WhiteElo "2515"]
[BlackElo "2310"]
[PlyCount "80"]
[EventDate "1980.02.19"]
[EventType "swiss"]
[EventRounds "15"]
[EventCountry "YUG"]
[Source "ChessBase"]
[SourceDate "2003.11.25"]
[WhiteTeamCountry "URS"]
[BlackTeamCountry "YUG"]

1. e4 e6 2. d4 d5 3. e5 b6 4. Nf3 Qd7 5. c4 Ne7 6. Nc3 Bb7 7. Bg5 Nbc6 8. Rc1
h6 9. Be3 dxc4 10. Bxc4 Nb4 11. O-O a6 12. Qe2 Ned5 13. Bd2 b5 14. Bb3 Nxc3 15.
bxc3 Nd5 16. c4 Nb6 17. d5 Nxc4 18. dxe6 fxe6 19. Rfd1 Bd5 20. a4 Be7 21. Nd4
O-O 22. Bc2 Nxd2 23. Qxd2 Bg5 24. Qd3 g6 25. Bb3 Kh8 26. Bxd5 Qxd5 27. Rxc7
Qxe5 28. Rd7 Rad8 29. Nf3 Qf5 30. Qxf5 gxf5 31. Ne5 Kg8 32. f4 Bf6 33. R1d6 b4
34. Rxa6 Rxd7 35. Nxd7 Bd4+ 36. Kf1 b3 37. Ra5 b2 38. Rb5 Rc8 39. Ke2 Rc1 40.
Kd3 Bg7 0-1

[Event "YUG-ch35"]
[Site "Skender Vakuf"]
[Date "1980.03.??"]
[Round "14"]
[White "Velimirovic, Dragoljub"]
[Black "Subasic, Ilijas"]
[Result "1-0"]
[WhiteElo "2515"]
[BlackElo "2285"]
[PlyCount "61"]
[EventDate "1980.02.19"]
[EventType "swiss"]
[EventRounds "15"]
[EventCountry "YUG"]
[Source "ChessBase"]
[SourceDate "2003.11.25"]
[WhiteTeamCountry "URS"]
[BlackTeamCountry "YUG"]

1. e4 c5 2. Nf3 Nc6 3. d4 cxd4 4. Nxd4 g6 5. c4 Nf6 6. Nc3 d6 7. Be2 Nxd4 8.
Qxd4 Bg7 9. Be3 O-O 10. Qd2 Be6 11. Rc1 Qa5 12. f3 Rfc8 13. b3 a6 14. Nd5 Qxd2+
15. Kxd2 Nxd5 16. exd5 Bd7 17. a4 Kf8 18. Bd3 e6 19. dxe6 fxe6 20. h4 d5 21.
cxd5 exd5 22. h5 Kf7 23. hxg6+ hxg6 24. Rxc8 Rxc8 25. Rh7 Rh8 26. Rxg7+ Kxg7
27. Bd4+ Kg8 28. Bxh8 Kxh8 29. Bxg6 Kg7 30. Bd3 Kf6 31. Ke3 1-0

[Event "YUG-ch35"]
[Site "Skender Vakuf"]
[Date "1980.03.08"]
[Round "15"]
[White "Damljanovic, Branko"]
[Black "Velimirovic, Dragoljub"]
[Result "1/2-1/2"]
[WhiteElo "2410"]
[BlackElo "2515"]
[PlyCount "40"]
[EventDate "1980.02.19"]
[EventType "swiss"]
[EventRounds "15"]
[EventCountry "YUG"]
[Source "ChessBase"]
[SourceDate "2003.11.25"]
[WhiteTeamCountry "URS"]
[BlackTeamCountry "YUG"]

1. d4 Nf6 2. Nf3 g6 3. c4 c5 4. Nc3 cxd4 5. Nxd4 Nc6 6. e4 Bg7 7. Be3 Ng4 8.
Qxg4 Nxd4 9. Qd1 Ne6 10. Qd2 d6 11. Be2 O-O 12. O-O a5 13. Rad1 b6 14. Bh6 Nc5
15. Bxg7 Kxg7 16. e5 Bb7 17. exd6 e5 18. f4 e4 19. f5 f6 20. Qf4 Qd7 1/2-1/2

[Event "Zemun"]
[Site "Zemun"]
[Date "1980.06.02"]
[Round "1"]
[White "Plachetka, Jan"]
[Black "Velimirovic, Dragoljub"]
[Result "0-1"]
[WhiteElo "2480"]
[BlackElo "2515"]
[PlyCount "60"]
[EventDate "1980.06.02"]
[EventType "tourn"]
[EventRounds "15"]
[EventCountry "YUG"]
[EventCategory "8"]
[Source "ChessBase"]
[SourceDate "1999.11.16"]
[WhiteTeamCountry "URS"]
[BlackTeamCountry "YUG"]

1. d4 c5 2. d5 d6 3. e4 g6 4. Nf3 Bg7 5. Be2 Nf6 6. Nc3 Na6 7. O-O Nc7 8. a4 a6
9. Nd2 Bd7 10. a5 Nb5 11. Na4 Qxa5 12. Nc4 Qc7 13. Nab6 Rd8 14. Bd3 O-O 15. Bd2
e6 16. Ba5 Qb8 17. c3 exd5 18. exd5 Na7 19. f4 Bb5 20. f5 Rde8 21. Qf3 Bxc4 22.
Bxc4 Nc8 23. Qh3 Nxb6 24. Bxb6 Qc8 25. fxg6 hxg6 26. Qh4 Re4 27. Rf4 Rxf4 28.
Qxf4 Nd7 29. Ba7 Qc7 30. Re1 Ne5 0-1

[Event "Zemun"]
[Site "Zemun"]
[Date "1980.06.03"]
[Round "2"]
[White "Velimirovic, Dragoljub"]
[Black "Ivkov, Borislav"]
[Result "1/2-1/2"]
[WhiteElo "2515"]
[BlackElo "2530"]
[PlyCount "40"]
[EventDate "1980.06.02"]
[EventType "tourn"]
[EventRounds "15"]
[EventCountry "YUG"]
[EventCategory "8"]
[Source "ChessBase"]
[SourceDate "1999.11.16"]
[WhiteTeamCountry "URS"]
[BlackTeamCountry "YUG"]

1. e4 e5 2. Nf3 Nc6 3. Bb5 a6 4. Ba4 Nf6 5. O-O d6 6. c4 Bg4 7. h3 Bxf3 8. Qxf3
Be7 9. Nc3 O-O 10. d3 Nd4 11. Qe3 c6 12. Ne2 Nxe2+ 13. Qxe2 Nd7 14. f4 Nc5 15.
Bd1 exf4 16. Bxf4 Ne6 17. Be3 Bf6 18. Qf2 c5 19. Bg4 Bd4 20. Bxe6 fxe6 1/2-1/2

[Event "Zemun"]
[Site "Zemun"]
[Date "1980.06.04"]
[Round "3"]
[White "Martinovic, Slobodan"]
[Black "Velimirovic, Dragoljub"]
[Result "1-0"]
[WhiteElo "2475"]
[BlackElo "2515"]
[PlyCount "137"]
[EventDate "1980.06.02"]
[EventType "tourn"]
[EventRounds "15"]
[EventCountry "YUG"]
[EventCategory "8"]
[Source "ChessBase"]
[SourceDate "1999.11.16"]
[WhiteTeamCountry "URS"]
[BlackTeamCountry "YUG"]

1. c4 Nf6 2. g3 g6 3. Bg2 Bg7 4. Nf3 O-O 5. Nc3 d6 6. O-O Nc6 7. d3 e5 8. Rb1
a5 9. a3 Nd4 10. Ne1 c6 11. e3 Nf5 12. e4 Nd4 13. Nc2 Nb3 14. Bg5 h6 15. Bxf6
Bxf6 16. Ne3 Nd4 17. Nc2 Bg7 18. Nxd4 exd4 19. Ne2 a4 20. h4 Bd7 21. Nf4 Ra5
22. Bh3 g5 23. hxg5 hxg5 24. Bxd7 Qxd7 25. Qh5 gxf4 26. Qxa5 Be5 27. f3 f5 28.
Kg2 Qg7 29. Rg1 fxe4 30. dxe4 fxg3 31. Qd2 Qf6 32. Rgf1 Bf4 33. Qd3 Qg5 34. Rh1
Be5 35. Rbe1 Rf7 36. Rh3 c5 37. Re2 Kf8 38. Qd2 Qf6 39. Qh6+ Qxh6 40. Rxh6 Ke7
41. Rh5 Kd7 42. Re1 Rf4 43. Reh1 Kc6 44. Rxe5 dxe5 45. Rh6+ Kc7 46. Re6 d3 47.
Rxe5 Rf6 48. Rxc5+ Rc6 49. Rh5 Rxc4 50. Rd5 Rc2+ 51. Kxg3 Rxb2 52. e5 b5 53.
Rxd3 Rb3 54. Rd5 Kc6 55. Rd6+ Kc5 56. Rd1 Rxa3 57. Kf4 Ra2 58. Re1 Rh2 59. Kg5
a3 60. e6 b4 61. e7 Rh8 62. f4 Kd6 63. f5 Kd7 64. f6 Ke8 65. Kg6 Rg8+ 66. Kf5
Kf7 67. Rh1 Rg2 68. Rh7+ Kg8 69. Rg7+ 1-0

[Event "Zemun"]
[Site "Zemun"]
[Date "1980.06.05"]
[Round "4"]
[White "Velimirovic, Dragoljub"]
[Black "Vujicic, Mirko"]
[Result "1-0"]
[WhiteElo "2515"]
[BlackElo "2200"]
[PlyCount "51"]
[EventDate "1980.06.02"]
[EventType "tourn"]
[EventRounds "15"]
[EventCountry "YUG"]
[EventCategory "8"]
[Source "ChessBase"]
[SourceDate "1999.11.16"]
[WhiteTeamCountry "URS"]
[BlackTeamCountry "YUG"]

1. e4 c5 2. Nf3 Nc6 3. d4 cxd4 4. Nxd4 Nf6 5. Nc3 e5 6. Nde2 Be7 7. g3 d6 8.
Bg2 Be6 9. O-O Qd7 10. Nd5 O-O 11. Be3 Rfd8 12. c4 Rac8 13. Rc1 Ng4 14. Nec3 f5
15. exf5 Bxf5 16. Ne4 Nxe3 17. fxe3 Bg4 18. Qd3 Qe6 19. b4 b6 20. Nf2 Qf5 21.
Be4 Qh5 22. Nxg4 Qxg4 23. Bf5 e4 24. Bxg4 exd3 25. Bxc8 Rxc8 26. b5 1-0

[Event "Zemun"]
[Site "Zemun"]
[Date "1980.06.06"]
[Round "5"]
[White "Todorovic, Goran N"]
[Black "Velimirovic, Dragoljub"]
[Result "0-1"]
[WhiteElo "2200"]
[BlackElo "2515"]
[PlyCount "80"]
[EventDate "1980.06.02"]
[EventType "tourn"]
[EventRounds "15"]
[EventCountry "YUG"]
[EventCategory "8"]
[Source "ChessBase"]
[SourceDate "1999.11.16"]
[WhiteTeamCountry "URS"]
[BlackTeamCountry "YUG"]

1. c4 e6 2. Nc3 d5 3. d4 c5 4. e3 Nc6 5. Nf3 Nf6 6. Be2 cxd4 7. exd4 dxc4 8.
Bxc4 Be7 9. O-O O-O 10. Bg5 b6 11. Qd3 Bb7 12. Rfd1 Nb4 13. Qe2 Rc8 14. Ne5
Nbd5 15. Rac1 Nxc3 16. bxc3 Nd5 17. Bd2 Bg5 18. Qg4 Bxd2 19. Rxd2 b5 20. Bxd5
Qxd5 21. h4 f6 22. Nf3 Rc4 23. Re1 e5 24. h5 e4 25. h6 g6 26. Nh4 Kh8 27. f3
Qg5 28. Qxg5 fxg5 29. Nxg6+ hxg6 30. fxe4 Re8 31. e5 Bd5 32. Rf1 Kh7 33. Rf6
Rxc3 34. Rd6 Bc4 35. Rd7+ Kxh6 36. Rc7 g4 37. Rd1 g3 38. Re1 Rf8 39. Rb1 Rc2
40. Rd1 Rff2 0-1

[Event "Zemun"]
[Site "Zemun"]
[Date "1980.06.07"]
[Round "6"]
[White "Velimirovic, Dragoljub"]
[Black "Koraksic, Ljubomir"]
[Result "1-0"]
[WhiteElo "2515"]
[BlackElo "2200"]
[PlyCount "89"]
[EventDate "1980.06.02"]
[EventType "tourn"]
[EventRounds "15"]
[EventCountry "YUG"]
[EventCategory "8"]
[Source "ChessBase"]
[SourceDate "1999.11.16"]
[WhiteTeamCountry "URS"]
[BlackTeamCountry "YUG"]

1. e4 c5 2. Nf3 d6 3. d4 cxd4 4. Nxd4 Nf6 5. Nc3 g6 6. Be2 Bg7 7. O-O O-O 8.
Kh1 d5 9. e5 Ne4 10. Nxe4 dxe4 11. Bf4 Qb6 12. c3 Qxb2 13. Qb3 Qxb3 14. axb3
Bd7 15. Bc4 Nc6 16. Bd5 Nxd4 17. cxd4 Bc6 18. Bxc6 bxc6 19. Rfc1 Rfb8 20. Ra3
e6 21. h4 Rb6 22. Rca1 a6 23. Be3 Bf8 24. d5 Rbb8 25. d6 Bg7 26. Bd4 c5 27. Bc3
Rb6 28. Rd1 Rb7 29. Re1 Kf8 30. Rxe4 Ke8 31. f4 Kd7 32. Rc4 Rb5 33. b4 cxb4 34.
Bxb4 Rb7 35. Rac3 Raa7 36. Bc5 Rb1+ 37. Kh2 Rab7 38. Ba3 Bh6 39. Rc7+ Rxc7 40.
Rxc7+ Kd8 41. Rxf7 Rb3 42. Bc5 a5 43. g3 Rb5 44. Bf2 a4 45. Rxh7 1-0

[Event "Zemun"]
[Site "Zemun"]
[Date "1980.06.08"]
[Round "7"]
[White "Ciric, Dragoljub"]
[Black "Velimirovic, Dragoljub"]
[Result "1/2-1/2"]
[WhiteElo "2430"]
[BlackElo "2515"]
[PlyCount "35"]
[EventDate "1980.06.02"]
[EventType "tourn"]
[EventRounds "15"]
[EventCountry "YUG"]
[EventCategory "8"]
[Source "ChessBase"]
[SourceDate "1999.11.16"]
[WhiteTeamCountry "URS"]
[BlackTeamCountry "YUG"]

1. e4 c5 2. Nf3 d6 3. d4 cxd4 4. Qxd4 a6 5. c4 Nc6 6. Qd2 g6 7. h3 Nf6 8. Nc3
Bg7 9. Be2 O-O 10. O-O Rb8 11. Rb1 Nd7 12. b3 Nc5 13. Bb2 a5 14. Qe3 f5 15.
exf5 Bxf5 16. Rbd1 Ra8 17. Rd2 a4 18. Nxa4 1/2-1/2

[Event "Zemun"]
[Site "Zemun"]
[Date "1980.06.09"]
[Round "8"]
[White "Popovic, Petar"]
[Black "Velimirovic, Dragoljub"]
[Result "1/2-1/2"]
[WhiteElo "2490"]
[BlackElo "2515"]
[PlyCount "136"]
[EventDate "1980.06.02"]
[EventType "tourn"]
[EventRounds "15"]
[EventCountry "YUG"]
[EventCategory "8"]
[Source "ChessBase"]
[SourceDate "1999.11.16"]
[WhiteTeamCountry "URS"]
[BlackTeamCountry "YUG"]

1. e4 c5 2. Nf3 Nc6 3. d4 cxd4 4. Nxd4 g6 5. Nc3 Nf6 6. Be3 Bg7 7. Bc4 O-O 8.
Bb3 d6 9. h3 Na5 10. O-O a6 11. f4 Nxb3 12. axb3 b5 13. e5 dxe5 14. fxe5 Nd5
15. Nxd5 Qxd5 16. Nf5 Qe4 17. Nh6+ Bxh6 18. Bxh6 Bb7 19. Qd2 Rfc8 20. Qf2 Bd5
21. c4 bxc4 22. Rae1 Qf5 23. Qxf5 gxf5 24. bxc4 Bxc4 25. Rxf5 Rc6 26. Rg5+ Rg6
27. Re4 Rc8 28. Rd4 Be6 29. h4 Rxg5 30. hxg5 Bc4 31. Rd7 e6 32. Kh2 Bb5 33. Rb7
Rd8 34. Kg3 Rc8 35. Ra7 Rd8 36. Kh4 Rc8 37. g4 Rd8 38. Rc7 Be2 39. Rc2 Bd3 40.
Rd2 Rd5 41. Rd1 Be2 42. Rc1 Rd8 43. Rc7 Bd1 44. Rb7 Rc8 45. Rd7 Bf3 46. Kg3 Bd5
47. Ra7 Rc2 48. Rd7 Rc8 49. Kf4 a5 50. Kg3 a4 51. Kh4 Rb8 52. Rc7 Bf3 53. Kg3
Bd5 54. Kf4 Rb4+ 55. Ke3 Rb8 56. Rd7 Rc8 57. Kd3 Bc4+ 58. Kd2 Bd5 59. Rd6 Bb3
60. Rd4 Rc2+ 61. Ke3 Rc8 62. Rb4 Bd1 63. Kf4 Bb3 64. Kg3 Ra8 65. Kh4 Bd5 66.
Rd4 Rb8 67. Rd2 Rc8 68. Rd4 Rc4 1/2-1/2

[Event "Zemun"]
[Site "Zemun"]
[Date "1980.06.10"]
[Round "9"]
[White "Velimirovic, Dragoljub"]
[Black "Sahovic, Dragutin"]
[Result "1-0"]
[WhiteElo "2515"]
[BlackElo "2485"]
[PlyCount "78"]
[EventDate "1980.06.02"]
[EventType "tourn"]
[EventRounds "15"]
[EventCountry "YUG"]
[EventCategory "8"]
[Source "ChessBase"]
[SourceDate "1999.11.16"]
[WhiteTeamCountry "URS"]
[BlackTeamCountry "YUG"]

1. e4 b6 2. d4 Bb7 3. Bd3 e6 4. Ne2 d5 5. e5 c5 6. c3 Nc6 7. O-O cxd4 8. cxd4
Nb4 9. Bb5+ Bc6 10. Nbc3 Qd7 11. Bxc6 Nxc6 12. Bd2 Na5 13. Nf4 g6 14. Nce2 Nc6
15. Rc1 Nge7 16. Qb3 Bg7 17. Rc2 O-O 18. Rfc1 Rfc8 19. Nd3 Bf8 20. Ne1 Nd8 21.
a4 Rxc2 22. Rxc2 Rc8 23. Qb5 Ndc6 24. g4 Nb8 25. Qb3 Rxc2 26. Nxc2 Nec6 27. Qd3
Qb7 28. b4 a6 29. b5 axb5 30. axb5 Na5 31. Ne3 Qc7 32. g5 Nd7 33. h4 Be7 34.
Nf4 Bf8 35. h5 Qd8 36. hxg6 hxg6 37. Nh3 Be7 38. Ng4 Nc4 39. Nf6+ Kg7 1-0

[Event "Zemun"]
[Site "Zemun"]
[Date "1980.06.11"]
[Round "10"]
[White "Forintos, Gyozo"]
[Black "Velimirovic, Dragoljub"]
[Result "0-1"]
[WhiteElo "2490"]
[BlackElo "2515"]
[PlyCount "72"]
[EventDate "1980.06.02"]
[EventType "tourn"]
[EventRounds "15"]
[EventCountry "YUG"]
[EventCategory "8"]
[Source "ChessBase"]
[SourceDate "1999.11.16"]
[WhiteTeamCountry "URS"]
[BlackTeamCountry "YUG"]

1. d4 Nf6 2. c4 c5 3. d5 g6 4. Nc3 Bg7 5. e4 O-O 6. Be2 d6 7. Bf4 Qb6 8. Nf3 e5
9. dxe6 Bxe6 10. Qb3 Qc6 11. Qc2 Re8 12. O-O-O Qa6 13. Bxd6 Nc6 14. Qb3 Nd4 15.
Nxd4 cxd4 16. Rxd4 Nxe4 17. Rxe4 Qxd6 18. g3 Qc5 19. Bd3 b5 20. Nxb5 Qxf2 21.
Qc2 Qc5 22. Kb1 Rab8 23. g4 Rb7 24. h3 a6 25. Nc3 Reb8 26. Nd1 Qa3 27. Re2 Bxb2
28. Nxb2 Rxb2+ 29. Qxb2 Qxd3+ 30. Kc1 Rxb2 31. Rxb2 a5 32. Rhh2 a4 33. Rbd2
Qxc4+ 34. Rc2 Qd4 35. Rhg2 Bd5 36. Rg3 Qf4+ 0-1

[Event "Zemun"]
[Site "Zemun"]
[Date "1980.06.12"]
[Round "11"]
[White "Velimirovic, Dragoljub"]
[Black "Vukic, Milan"]
[Result "1-0"]
[WhiteElo "2515"]
[BlackElo "2460"]
[PlyCount "115"]
[EventDate "1980.06.02"]
[EventType "tourn"]
[EventRounds "15"]
[EventCountry "YUG"]
[EventCategory "8"]
[Source "ChessBase"]
[SourceDate "1999.11.16"]
[WhiteTeamCountry "URS"]
[BlackTeamCountry "YUG"]

1. e4 c6 2. d4 d5 3. Nc3 dxe4 4. Nxe4 Bf5 5. Ng3 Bg6 6. h4 h6 7. Nf3 Nd7 8. h5
Bh7 9. Bd3 Bxd3 10. Qxd3 e6 11. Bd2 Qc7 12. O-O-O Ngf6 13. Ne4 O-O-O 14. g3 Nc5
15. Nxc5 Bxc5 16. c4 Bd6 17. Qe2 c5 18. Kb1 b6 19. Bc3 Rhe8 20. dxc5 Bxc5 21.
Ne5 Qb7 22. f3 Bf8 23. g4 Rxd1+ 24. Rxd1 Rd8 25. Rxd8+ Kxd8 26. Qd1+ Ke8 27.
Qa4+ Nd7 28. b4 f6 29. Qc6 Qxc6 30. Nxc6 a6 31. f4 Bd6 32. f5 exf5 33. gxf5 Nf8
34. Kc2 Nh7 35. Nd4 Ng5 36. Kd3 Kd7 37. a4 Be5 38. b5 axb5 39. cxb5 Kd6 40. Ne6
Nh3 41. Bxe5+ fxe5 42. Nxg7 Nf2+ 43. Kc4 Ng4 44. a5 bxa5 45. Ne8+ Kd7 46. b6
Kc6 47. f6 e4 48. Kd4 e3 49. f7 e2 50. f8=Q e1=Q 51. Qd6+ Kb7 52. Qc7+ Ka6 53.
Qc8+ Kxb6 54. Qb8+ Kc6 55. Qc8+ Kb5 56. Nd6+ Ka4 57. Qc2+ Ka3 58. Nc4+ 1-0

[Event "Zemun"]
[Site "Zemun"]
[Date "1980.06.13"]
[Round "12"]
[White "Tringov, Georgi"]
[Black "Velimirovic, Dragoljub"]
[Result "1/2-1/2"]
[WhiteElo "2455"]
[BlackElo "2515"]
[PlyCount "82"]
[EventDate "1980.06.02"]
[EventType "tourn"]
[EventRounds "15"]
[EventCountry "YUG"]
[EventCategory "8"]
[Source "ChessBase"]
[SourceDate "1999.11.16"]
[WhiteTeamCountry "URS"]
[BlackTeamCountry "YUG"]

1. c4 e6 2. d4 Nf6 3. Nf3 c5 4. Nc3 cxd4 5. Nxd4 Bb4 6. Ndb5 O-O 7. Bf4 d5 8.
e3 Nc6 9. a3 Ba5 10. b4 a6 11. Nd4 Bc7 12. cxd5 Nxd4 13. Qxd4 Bxf4 14. Qxf4
Nxd5 15. Qd4 Nxc3 16. Qxc3 Bd7 17. Rd1 Rc8 18. Qb2 Qc7 19. Be2 Ba4 20. Ra1 Qd7
21. Bd1 Rfd8 22. Bxa4 Qxa4 23. O-O Rd3 24. Rac1 Rcd8 25. Rc3 h6 26. g3 Rd2 27.
Qc1 Qd7 28. Rc7 Qd5 29. Rc8 Rxc8 30. Qxc8+ Kh7 31. h4 f5 32. Qe8 Rd3 33. h5 Qd7
34. Qxd7 Rxd7 35. Rc1 Kg8 36. Kg2 Kf7 37. g4 Kf6 38. Kg3 fxg4 39. Kxg4 Rd3 40.
a4 Rb3 41. Rc4 b5 1/2-1/2